Normal view
MARC view
- Muhammad Qasim Khan
Entry Personal Name
001 - CONTROL NUMBER
- control field: 29544
003 - CONTROL NUMBER IDENTIFIER
- control field: NUST
005 - DATE AND TIME OF LATEST TRANSACTION
- control field: 20200827152606.0
008 - FIXED-LENGTH DATA ELEMENTS
- fixed length control field: 200827|| aca||aabn | a|a d
040 ## - CATALOGING SOURCE
- Original cataloging agency: NUST
- Transcribing agency: NUST
100 ## - HEADING--PERSONAL NAME
- Personal name: Muhammad Qasim Khan
670 ## - SOURCE DATA FOUND
- Source citation: Work cat.: (NUST): Muhammad Qasim Khan, Analysis of Pakistan's Disaster Management System to Recommend and Optimized Practical Workable Model Duly Encompassing Supply Chain Aspects /, 2010.
